|
|
|
|
| LEADER |
01635nam a2200325 a 4500 |
| 001 |
13778 |
| 003 |
BD-DhAAL |
| 008 |
090628s1998 caua c 000 0 eng d |
| 010 |
|
|
|a 98034095
|
| 020 |
|
|
|a 0500280886
|
| 020 |
|
|
|a 0789302306
|
| 040 |
|
|
|a DLC
|c DLC
|d DLC
|d BD-DhAAL
|
| 082 |
0 |
0 |
|a 720.92
|2 21
|
| 100 |
1 |
|
|a Isozaki, Arata.
|9 31729
|
| 245 |
1 |
0 |
|a Arata Isozaki :
|b four decades of architecture /
|c preface by Richard Koshalek ; essay by David B. Stewart.
|
| 260 |
|
|
|a Los Angeles :
|b Museum of Contemporary Art ;
|a New York :
|b Universe Pub. ;
|a London :
|b Thames and Hudson,
|c 1998.
|
| 300 |
|
|
|a 235 pages :
|b illustrations (chiefly col.) ;
|c 21 cm
|
| 500 |
|
|
|a Catalog of a travelling exhibition.
|
| 500 |
|
|
|a with 200 illustrations and 150 in colour.
|
| 526 |
|
|
|a ARC
|x Huraera Jabeen
Faculty member of Department of Architecture
|
| 541 |
1 |
|
|e 16490
|a Zeenat Book Supply Limited
|
| 600 |
1 |
0 |
|a Isozaki, Arata
|x Exhibitions.
|9 31730
|
| 650 |
|
|
|a Architecture.
|
| 700 |
1 |
|
|a Stewart, David B.
|9 31731
|
| 710 |
2 |
|
|a Museum of Contemporary Art (Los Angeles, Calif.)
|9 31732
|
| 852 |
4 |
|
|a Ayesha Abed Library
|c General Stacks
|
| 942 |
|
|
|2 ddc
|c BK
|
| 999 |
|
|
|c 1766
|d 1766
|
| 952 |
|
|
|0 0
|1 0
|2 ddc
|4 0
|6 720_920000000000000_ISO_1998
|7 0
|9 1617
|a BRACUL
|b BRACUL
|c GEN
|d 2009-06-29
|e Zeenat Book Supply Limited
|g 2233.00
|l 6
|m 20
|o 720.92 ISO
|p 3010016490
|r 2025-07-07
|s 2025-06-23
|t 2
|w 2009-06-29
|y BK
|x Requisitioned by Huraera Jabeen, Faculty member of Department of Architecture (ARC).
|
| 952 |
|
|
|0 0
|1 0
|2 ddc
|4 0
|6 720_920000000000000_ISO_1998
|7 0
|9 7700
|a BRACUL
|b BRACUL
|c GEN
|d 2010-02-02
|l 7
|m 22
|o 720.92 ISO
|p 3010013778
|r 2022-09-12
|s 2020-03-16
|t 1
|w 2010-02-02
|y BK
|